Detalles MARC
| 000 -LIDER |
| fixed length control field |
01333nam a2200313 a 4500 |
| 001 - NÚMERO DE CONTROL |
| Identificador de número de control |
000007273 |
| 003 - IDENTIFICACDOR DE NÚMERO DE CONTROL |
| control field |
000007273 |
| 005 - DATE AND TIME OF LATEST TRANSACTION |
| control field |
20180226115501.0 |
| 008 - ELEMENTOS DE LONGITUD FIJA |
| fixed length control field |
090907s2001 dr 000 0 spa d |
| 020 ## - ISBN |
| International Standard Book Number |
999348394X |
| 040 ## - FUENTE DE CATALOGACIÓN |
| Agencia que crea de manera original el registro |
BPMSU |
| Idioma de catalogación |
spa |
| Agencia que realiza la transcripción |
BPMSU |
| 092 ## - LOCALLY ASSIGNED DEWEY DECIMAL CALL NUMBER |
| Número de clasificación |
370.92 |
| Número de ítem (Cutter) |
D611s |
| 245 04 - MENCIÓN DE TITULO |
| Título |
Las discípulas de Salomé Ureña escriben / |
| Mención de responsabilidad |
compilador Julio Jaime Julia ; cuidado de la edición Tomás Castro Burdiez. |
| 260 ## - PUBLICACIÓN, DISTRIBUCIÓN, ETC. (PIE DE IMPRENTA) |
| Lugar de publicación, distribución, etc |
Santo Domingo : |
| Nombre del editor, distribuidor, etc. |
EDUCARTE : |
| -- |
Secretaría de Estado de Educación, |
| Fecha de publicación, distribución, etc |
2001. |
| 300 ## - DESCRIPCIÓN FÍSICA |
| Extensión |
127 p. : |
| Dimensiones |
22 cm. |
| 505 0# - NOTA DE CONTENIDO |
| Título |
Mercedes Laura Aguiar (1872-1958) -- |
| -- |
Anacaona Moscoso (1876-1907) -- |
| -- |
Leonor M. Feltz (1870-1948) -- |
| -- |
Ana Josefa Puello (1865-1953). |
| 600 14 - ENCABEZAMIENTO DE MATERIA--NOMBRE PERSONAL |
| Nombre personal |
UREÑA DE HENRÍQUEZ, SALOMÉ, |
| Fechas asociadas con el nombre |
1850-1897 |
| 650 #4 - ENCABEZAMIENTO DE MATERIA--TEMÁTICO |
| Término temático o nombre geográfico como elemento de entrada |
MUJERES COMO AUTORAS |
| 650 #4 - ENCABEZAMIENTO DE MATERIA--TEMÁTICO |
| Término temático o nombre geográfico como elemento de entrada |
EDUCACIÓN |
| Subdivisión geográfica |
REPÚBLICA DOMINICANA |
| Subdivisión temática general |
BIOGRAFÍAS |
| 651 #4 - ENCABEZAMIENTO DE MATERIA--NOMBRE GEOGRÁFICO |
| Nombre geográfico |
MUJERES EN REPÚBLICA DOMINICANA |
| Subdivisión temática general |
BIOGRAFÍAS |
| 700 12 - ASIENTO SECUNDARIO -- NOMBRE PERSONAL |
| Nombre personal |
Julia, Julio Jaime, |
| Fechas asociadas con el nombre |
1922-1993, |
| Mención de responsabilidad |
comp. |
| 700 12 - ASIENTO SECUNDARIO -- NOMBRE PERSONAL |
| Nombre personal |
Castro Burdiez, Tomás, |
| Fechas asociadas con el nombre |
1959-, |
| Mención de responsabilidad |
ed. |
| 710 1# - ASIENTO SECUNDARIO -- NOMBRE CORPORATIVO |
| Nombre corporativo o de jurisdicción |
Fundación para la Educación y el Arte (República Dominicana) |
| 710 2# - ASIENTO SECUNDARIO -- NOMBRE CORPORATIVO |
| Nombre corporativo o de jurisdicción |
República Dominicana. |
| Unidad subordinada |
Secretaria de Estado de Educación |
| 910 ## - VALIDACIÓN |
| Validación |
Validado. Control de calidad EMS |
| 942 ## - ADDED ENTRY ELEMENTS (KOHA) |
| Source of classification or shelving scheme |
Dewey Decimal Classification |
| Koha item type |
Libros |
| 945 ## - INFORMACIÓN DE PROCESAMIENTO LOCAL |
| Información de procesamiento local |
Título remanejado a la BNPHU |
| 956 ## - LOCAL ELECTRONIC LOCATION AND ACCESS (OCLC) |
| Nombre de host |
VMATEO |
| Número de acceso |
10 |
| Información de compresión |
20160508 |
| Inicio de sesión |
BPMSU |
| Procesador de solicitud |
0069 |